Statistics for All Snoop Dogg Songs (Pt 2: 2011-2020)

Click here to take the quiz!

General Stats

  • This quiz has been taken 9 times
    (4 since last reset)
  • The average score is 3 of 299

Answer Stats

AlbumSong% Correct
Newer SingleFrom the D 2 the LBC
50%
I Wanna Thank MeI Wanna Thank Me
50%
220220
25%
Bible of LoveBible of Love (Interlude)
25%
I Wanna Thank MeCountdown
25%
CoolaidLegend
25%
Neva LeftNeva Left
25%
BODROutside the Box
25%
BODRPop Pop
25%
DoggumentaryWet
25%
Stoner's EP1st We Blaze It Up
0%
Make America Crip Again3's Company
0%
Neva Left420 (Blaze Up)
0%
That's My Work Volume 56 in Da Mornin
0%
CoolaidAffiliated
0%
That's My Work Volume 3Ain't It Man
0%
That's My Work Volume 3Ain't Nobody
0%
That's My Work Volume 1All Around the World
0%
That's My Work Volume 2All My Hoes
0%
Bible of LoveAlways Got Something to Say
0%
That's My Work Volume 3Around the World
0%
ReincarnatedAshtrays and Heartbreaks
0%
BushAwake
0%
Neva LeftBacc in da Dayz
0%
That's My Work Volume 4Bacc On Da Blocc
0%
That's My Work Volume 4Bacc Up Hoes
0%
That's My Work Volume 2Bad 4 Me
0%
Newest SingleBad Decisions
0%
That's My Work Volume 2Ball Til We Ball
0%
That's My Work Volume 5Band Dat
0%
That's My Work Volume 2Because I'm Black
0%
Neva LeftBig Mouth
0%
Bible of LoveBlessed & Highly Favored (Remix)
0%
Bible of LoveBlessing Me Again
0%
I Wanna Thank MeBlue Face Hunnids
0%
That's My Work Volume 5Bodyguard Hard
0%
DoggumentaryBoom
0%
That's My Work Volume 4Bottom Girl
0%
ReincarnatedBoulevard
0%
Stoner's EPBreathe It In
0%
That's My Work Volume 3Cadillacs
0%
BushCalifornia Roll
0%
Bible of LoveCall Him
0%
That's My Work Volume 4Can't Let It Go
0%
That's My Work Volume 4Can't Trust Em
0%
Stoner's EPCan You Take Me
0%
BODRCatch a Vibe
0%
That's My Work Volume 2Catch Me In Traffic
0%
From Tha Streets 2 Tha SuitesCEO
0%
Bible of LoveChanged
0%
Bible of LoveChange the World
0%
That's My Work Volume 1Chicken Outro
0%
Bible of LoveChizzle
0%
That's My Work Volume 4City of G'z
0%
DoggumentaryCold Game
0%
Bible of LoveCome as You Are
0%
BODRComing Back
0%
That's My Work Volume 4Commercial
0%
BODRConflicted
0%
CoolaidCoolaid Man
0%
BODRCrip Ya Enthusiasm
0%
Bible of LoveCrown
0%
That's My Work Volume 4Crowns In
0%
BODRDaddy
0%
Bible of LoveDefeated
0%
That's My Work Volume 3Dick Walk
0%
Make America Crip AgainDis Finna Be a Breeze!
0%
BODRDoggystylin
0%
220Doggytails
0%
I Wanna Thank MeDo It When I'm in It
0%
CoolaidDon't Stop
0%
That's My Work Volume 5Don't Take Nothin
0%
I Wanna Thank MeDoo Wop Thank Me
0%
CoolaidDouble Tap
0%
I Wanna Thank MeDo You Like I Do
0%
BushEdibles
0%
DoggumentaryEl Lay
0%
That's My Work Volume 5Everybody Gettin High
0%
220Everything
0%
That's My Work Volume 1Executive Branch
0%
DoggumentaryEyez Closed
0%
That's My Work Volume 2Faddin
0%
CoolaidFeel About Snoop
0%
Single #5Feeling Good
0%
That's My Work Volume 3Feel Like Heaven
0%
From Tha Streets 2 Tha SuitesFetty in the Bag
0%
I Wanna Thank MeFirst Place
0%
Make America Crip AgainFly Away
0%
I Wanna Thank MeFocused
0%
That's My Work Volume 5Foreign DPG
0%
That's My Work Volume 3Freestyle
0%
ReincarnatedFruit Juice
0%
That's My Work Volume 1Fuc Yo Crew
0%
That's My Work Volume 3Full of That Sh*t
0%
That's My Work Volume 1Funny Hoes
0%
DoggumentaryGangbang Rookie
0%
From Tha Streets 2 Tha SuitesGang Signs
0%
That's My Work Volume 3Gangstas Don't Live That Long
0%
That's My Work Volume 5Get a Grip
0%
ReincarnatedGet Away
0%
That's My Work Volume 1Getta Grip
0%
BODRGet This Dick
0%
That's My Work Volume 4Get U Right
0%
From Tha Streets 2 Tha SuitesGet Yo Breed Up
0%
Bible of LoveGoing Home
0%
That's My Work Volume 1Goin Gorilla
0%
Make America Crip AgainGood Foot
0%
Neva LeftGo On
0%
That's My Work Volume 1Gotta Hustle
0%
BODRGotta Keep Pushing
0%
CoolaidGot Those
0%
That's My Work Volume 2Groove Thang
0%
BODRGun Smoke
0%
That's My Work Volume 3Happy Birthday
0%
That's My Work Volume 3Happy Birthday Pt. 2
0%
ReincarnatedHarder Times
0%
ReincarnatedHere Comes the King
0%
BODRHouse I Built
0%
That's My Work Volume 5House Party
0%
I Wanna Thank MeI C Your Bullsh*t
0%
220I Don't Care
0%
DoggumentaryI Don't Need No B***h
0%
BushI Knew That
0%
That's My Work Volume 5Im On It
0%
Neva LeftI'm Still Here
0%
BushI'm Ya Dogg
0%
That's My Work Volume 1In Dank We Trust
0%
That's My Work Volume 5In My Lifetime
0%
Bible of LoveIn the Name of Jesus
0%
220 | That's My Work Volume 1Intro
0%
That's My Work Volume 4Intro Beast
0%
DoggumentaryIt's D Only Thang
0%
Stoner's EPIt's Gettin' Harder (Interlude)
0%
BODRIt's in the Air
0%
I Wanna Thank MeI've Been Looking for You
0%
Single #3I Wanna Go Outside
0%
BODRJerseys in the Rafters
0%
That's My Work Volume 1Keep a N***a High
0%
That's My Work Volume 1Keepit Crackn
0%
CoolaidKush Ups
0%
ReincarnatedLa La La
0%
That's My Work Volume 2La La La (Remix)
0%
Neva LeftLavender (Nightfall Remix)
0%
From Tha Streets 2 Tha SuitesLeft My Weed
0%
I Wanna Thank MeLet Bygones Be Bygones
0%
That's My Work Volume 2Let Me Explain
0%
CoolaidLet Me See Em Up
0%
That's My Work Volume 4Let's Go
0%
CoolaidLet the Beat Drop
0%
That's My Work Volume 2Let the K Spray
0%
Neva LeftLet Us Begin
0%
ReincarnatedLighters Up
0%
CoolaidLight It Up
0%
I Wanna Thank MeLittle Square UB***hU
0%
From Tha Streets 2 Tha SuitesLook Around
0%
Neva LeftLove Around the World
0%
Bible of LoveLove for God
0%
Make America Crip AgainM.A.C.A.
0%
I Wanna Thank MeMain Phone
0%
Stoner's EPMake It Hot
0%
That's My Work Volume 4Me & Mines
0%
That's My Work Volume 4Milk 'N Honey
0%
That's My Work Volume 3Miss Everything
0%
Neva LeftMoment I Feared
0%
220Motivation
0%
Neva LeftMount Kushmore
0%
New SingleMurder Music
0%
CoolaidMy Carz
0%
DoggumentaryMy Fucn House
0%
Bible of LoveMy God
0%
Make America Crip AgainMy Last Name
0%
DoggumentaryMy Own Way
0%
That's My Work Volume 5N***az Iz On Me
0%
Stoner's EPNeed It In My Life
0%
That's My Work Volume 3Never Had It Like This
0%
I Wanna Thank MeNew Booty
0%
Bible of LoveNew Wave
0%
Single #4Nipsey Blue
0%
ReincarnatedNo Guns Allowed
0%
Make America Crip AgainNone of Mine
0%
Bible of LoveNo One Else
0%
That's My Work Volume 2No Ordinary Affair
0%
That's My Work Volume 2No Regrets
0%
CoolaidOh Na Na
0%
I Wanna Thank MeOne Blood, One Cuzz
0%
That's My Work Volume 3On Edge
0%
Bible of LoveOne More Day
0%
220On the Double
0%
Bible of LoveOn Time
0%
That's My Work Volume 2Outro
0%
Bible of LovePain
0%
That's My Work Volume 2Panties Off
0%
That's My Work Volume 4Parking Lot Pimpin'
0%
That's My Work Volume 2Passenger Seat
0%
That's My Work Volume 4PayDay
0%
BushPeaches N Cream
0%
DoggumentaryPeer Pressure
0%
That's My Work Volume 3Phenomenon
0%
DoggumentaryPlatinum
0%
Latest SinglePlease Take a Step Back
0%
CoolaidPoint Seen Money Gone
0%
That's My Work Volume 3Pop Pop Bang
0%
Bible of LovePraise Him
0%
That's My Work Volume 5Pressure
0%
Neva LeftPromise You This
0%
Bible of LovePure Gold
0%
That's My Work Volume 4Put 1 Pon the Air
0%
Single #2Que Maldicion
0%
DoggumentaryRaised in da Hood
0%
Stoner's EPReally Wanna Be with You
0%
ReincarnatedRebel Way
0%
ReincarnatedRemedy
0%
CoolaidRevolution
0%
I Wanna Thank MeRise to the Top
0%
That's My Work Volume 2RMM
0%
From Tha Streets 2 Tha SuitesRoaches in My Ashtray
0%
BushR U A Freak
0%
BushRun Away
0%
That's My Work Volume 4Run Up On Us
0%
BODRSandwich Bag
0%
Even Newer SingleSatellite
0%
Bible of LoveSaved
0%
From Tha Streets 2 Tha SuitesSay It Witcha Booty
0%
Stoner's EPShow You How a Gangsta Do
0%
CoolaidSide Piece
0%
From Tha Streets 2 Tha SuitesSittin On Blades
0%
ReincarnatedSmoke the Weed
0%
BODRSnoopy Don't Go
0%
ReincarnatedSo Long
0%
BushSo Many Pros
0%
That's My Work Volume 4Somethings Neva Change
0%
I Wanna Thank MeSo Misinformed
0%
Make America Crip AgainSportsCenter (Remix)
0%
BODRStill Smokin
0%
Stoner's EPStoner's Anthem
0%
DoggumentarySumthin Like This Night
0%
Bible of LoveSunrise
0%
Bible of LoveSunshine Feel Good
0%
CoolaidSuper Crip
0%
DoggumentarySuperman
0%
DoggumentarySweat
0%
Neva LeftSwivel
0%
That's My Work Volume 1Take a Hike
0%
I Wanna Thank MeTake Me Away
0%
DoggumentaryTake U Home
0%
That's My Work Volume 2Take Your Time
0%
From Tha Streets 2 Tha SuitesTalk Dat Sh*t
0%
That's My Work Volume 3Talkin' Loud
0%
Bible of LoveTalk to God
0%
That's My Work Volume 1Taste
0%
CoolaidTen Goes Down
0%
That's My Work Volume 3Terradectacal
0%
That's My Work Volume 2Tha Dogg in Me
0%
Bible of LoveThank You Lord (Intro)
0%
ReincarnatedThe Good Good
0%
That's My Work Volume 1The Hood
0%
That's My Work Volume 5These Hoes
0%
DoggumentaryThe Way Life Used to Be
0%
DoggumentaryThe Weed Iz Mine
0%
That's My Work Volume 5Think I Love You
0%
BushThis City
0%
ReincarnatedTired of Running
0%
ReincarnatedTorn Apart
0%
Neva LeftToss It
0%
New SingleTouch Away
0%
DoggumentaryToyz N Da Hood
0%
Neva LeftTransition
0%
Neva LeftTrash Bags
0%
I Wanna Thank MeTurn Me On
0%
CoolaidTwo or More
0%
That's My Work Volume 5U Dont Know Me Like Dat
0%
That's My Work Volume 1U Hear Me
0%
Bible of LoveUnbelievable
0%
That's My Work Volume 5U Neva Know
0%
Neva LeftVapors (DJ Battlecat Remix)
0%
I Wanna Thank MeVentalation
0%
Bible of LoveVoices of Praise
0%
That's My Work Volume 4Wake UP
0%
220Waves
0%
That's My Work Volume 1We Came Here to Party
0%
BODRWe Don't Gotta Worry No More
0%
That's My Work Volume 3Weed N Wax
0%
Stoner's EPWeekend Lovers
0%
That's My Work Volume 1We Gonna Do It Again
0%
DoggumentaryWe Rest N Cali
0%
CoolaidWhat If
0%
SingleWhat Is This?
0%
That's My Work Volume 2Whats the Difference
0%
That's My Work Volume 3What's Yo Pleasure
0%
I Wanna Thank MeWhat U Talkin' Bout
0%
Bible of LoveWhen It's All Over
0%
That's My Work Volume 1Why They Call You B***h
0%
I Wanna Thank MeWintertime in June
0%
DoggumentaryWonder What It Do
0%
Bible of LoveWords Are Few
0%
Bible of LoveYou
0%
Mac & Devin Go to High SchoolYoung, Wild & Free
0%

Score Distribution

Percentile by Number Answered

Percent of People with Each Score

Your Score History

You have not taken this quiz since the last reset